| 000 | 00377nam a2200145Ia 4500 | ||
|---|---|---|---|
| 008 | 191201s2009 xx 000 0 und d | ||
| 082 |
_a004.678 _bGRI |
||
| 100 | _aGREENLAW, Raymond | ||
| 245 | 0 | _aInline/Online Fundamentals of the Internet and the World Wide Web | |
| 250 | _a2nd | ||
| 260 |
_aN.Delhi _bTMH _c2009 |
||
| 300 | _a696 | ||
| 650 | _aB.Tech(IT) | ||
| 942 |
_2ddc _cBK |
||
| 999 |
_c3193 _d3193 |
||